Statistiques concernant Rivières suisses sur une carte

Cliquez ici pour prendre le quiz!

Statistiques générales

  • Ce quiz a été pris 375 fois
  • Le résultat moyen est 6 sur 13

Réponses sur la Carte

Les réponses sont colorées sur une échelle allant du rouge au vert en fonction du pourcentage des utilisateurs qui les ont devinées à leur premier essai. Vous pouvez retrouver ces pourcentages ci-dessous.
 

Statistiques - réponses

DuréeRivière% Correct
812 kmRhône
98%
1 239 kmRhin
97%
295 kmAar
77%
453 kmDoubs
69%
128 kmSarine
53%
248 kmTessin
44%
36 kmLimmat
40%
517 kmInn
35%
164 kmReuss
32%
82 kmEmme
30%
125 kmThur
25%
75 kmBirse
21%
37 kmLinth
18%

Distribution des résultats

Percentile par nombre de réponses

% des personnes avec chaque résultat

Votre développement - résultats

Vous n’avez pas pris ce quiz